00434nam a2200145Ia 4500100001200000650002300012942000700035245004600042260004500088082002000133300000800153546001200161999001700173952009800190 aKelkar  aProject Management cBK aInformation technology Project Management bPrentice -Hall of IndiaaNew Delhic2003 a003.54/KELbKEL a581 aENGLISH c27956d27956 001040708CRCaCRCEbCRCEd2023-03-17l0o003.54/KEL KELp18285r2023-03-17w0000-00-00yBK